000 00640nam a2200217 u 4500
005 20230316063609.0
008 190131s2009 es r 000 0 spa d
020 _a9788498674057
035 _aUPN01000228754
049 _aI
050 4 _aPZ7
_bCH5.4
100 1 _aChild, Lauren,
_d1967-
_933864
245 1 0 _aJuan y Totola :
_banimales /
_cLauren Child.
260 _a[España] :
_bSerres,
_c2009.
300 _a[12] p.
_bil. col.
534 _pTítulo original:
_tCharlie and Lol's amimals
650 4 _aCuentos infantiles ingleses
_910002
650 0 _aAnimales
_vCuentos y leyendas
_9234
905 _aInfantil
999 _c200849
_d200849